| 000 | 00759nam a2200205 a 4500 | ||
|---|---|---|---|
| 001 | 000041468 | ||
| 005 | 20201002034921.0 | ||
| 008 | 131007s1988 sp ab 000 0 spa d | ||
| 020 | _a8400068688 | ||
| 040 |
_aDO-SdBNP _bspa _cBNPHU |
||
| 082 |
_axxx _bR484h |
||
| 100 | 1 |
_aRibera i Faig, Estanislao _968150 |
|
| 245 | 1 | 0 |
_aHistoria del interés anglosajón por la geología de España / _cEstanislao Ribera i Faig. |
| 260 |
_aMadrid : _bC. S. I. C., _c1988. |
||
| 300 |
_axx, 522 p. : _bil. ; _c22 cm. |
||
| 490 | 1 |
_aEstudios sobre la ciencia _v3 |
|
| 500 | _aIncluye referencias bibliográficas y notas al pie de las páginas. | ||
| 710 | 2 |
_aConsejo Superior de Investigaciones Científicas (España) _915178 |
|
| 830 | 0 |
_aEstudios sobre la ciencia _n3 _968151 |
|
| 999 |
_c40958 _d40958 |
||